Minecraft Enchants - Statistics

General Stats
  • This quiz has been taken 92 times
    22 since last reset
  • The average score is 29 of 41
Answer Stats
Compatible with Max level Answer % Correct
Axe, Hoe, Pickaxe, Shears, Shovel 5 (V) Efficiency
93%
Fishing Rod 3 (III) Luck of the Sea
93%
Boots, Chestplace, Helmet, Leggings 4 (IV) Protection
93%
Axe, Spear, Sword 5 (V) Sharpness
93%
Boots 4 (IV) Feather Falling
86%
Boots, Chestplace, Helmet, Leggings 4 (IV) Fire Protection
86%
Bow 1 Flame
86%
Bow 1 Infinity
86%
Everything 5 (V) Unbreaking
86%
Mace, Spear, Sword 2 (II) Fire Aspect
79%
Boots 2 (II) Frost Walker
79%
Spear, Sword 2 (II) Knockback
79%
Boots 3 (III) Soul Speed
79%
Axe, Mace, Spear, Sword 5 (V) Bane of Arthropods
71%
Boots, Chestplace, Helmet, Leggings 4 (IV) Blast Protection
71%
Mace 5 (V) Density
71%
Axe, Hoe, Pickaxe, Shovel 3 (III) Fortune
71%
Trident 3 (III) Loyalty
71%
Bow 5 (V) Power
71%
Boots, Chestplace, Helmet, Leggings 4 (IV) Projectile Protection
71%
Bow 3 (III) Punch
71%
Trident 3 (III) Riptide
71%
Helmet 1 Aqua Affinity
64%
Spear, Sword 3 (III) Looting
64%
Spear 3 (III) Lunge
64%
Fishing Rod 3 (III) Lure
64%
Everything 1 Mending
64%
Crossbow 1 Multishot
64%
Axe, Hoe, Pickaxe, Shovel 1 Silk Touch
64%
Leggings 3 (III) Swift Sneak
64%
Mace 3 (III) Wind Burst
64%
Trident 1 Channeling
57%
Trident 5 (V) Impaling
57%
Crossbow 4 (IV) Piercing
57%
Helmet 3 (III) Respiration
57%
Sword 3 (III) Sweeping Edge
57%
Boots, Chestplace, Helmet, Leggings 3 (III) Thorns
57%
Mace 4 (IV) Breach
50%
Boots 3 (III) Depth Strider
50%
Axe, Mace, Spear, Sword 5 (V) Smite
50%
Crossbow 3 (III) Quick Charge
29%
No matching quizzes found
Score Distribution
Percent of People with Each Score
Percentile by Number Answered
Your Score History
You have not taken this quiz since the last reset